Music Quiz

Random Music or Album Quiz

Can you name these 50 Cent Songs? Quiz Stats

 Plays Quiz not verified by Sporcle

Score 0/15 Timer 06:00
0 Plays Today
Lyrics Song % Correct
????
100%
????
68.7%
????
65.3%
????
50.1%
????
47.7%
????
41%
????
35%
????
33.2%
Lyrics Song % Correct
????
30.7%
????
25.3%
????
19.3%
????
18.4%
????
13.1%
????
11.7%
????
10.1%

You're not logged in!

Compare scores with friends on all Sporcle quizzes.
OR
Log In

You Might Also Like...

Show Comments

Extras

Top Quizzes Today


Score Distribution

Your Account Isn't Verified!

In order to create a playlist on Sporcle, you need to verify the email address you used during registration. Go to your Sporcle Settings to finish the process.

Report this User

Report this user for behavior that violates our Community Guidelines.

Details: